000
00271nam a22001217a 4500
008
170927b xxu||||| |||| 00| 0 eng d
041
_a
eng
080
_a
37
100
_a
47
101
_a
ED
245
_a
HANDBOOK QULITATIVE RESEARCH
_c
DENZIN,N.K
942
_2
udc
_c
BK
999
_c
30278
_d
30278